[Event "Tournament 14471 - Europe Echecs"]
[Site "Europe Echecs"]
[Date "2020.07.09"]
[Round "8"]
[Time "17:51:49"]
[PlyCount "178"]
[White "BagAyoub"]
[Black "DelageKenael"]
[WhiteElo "1467"]
[BlackElo "1223"]
[Mode "WEB"]
[Result "1-0"]

1. d4 c6 2. Bf4 d5 3. Nf3 Bf5 4. e3 e6 5. Bd3 Bxd3 6. cxd3 Nf6 7. O-O Be7 8. Nc3
O-O 9. Re1 Nbd7 10. e4 c5 11. Bg3 cxd4 12. Nxd4 Bc5 13. Nf3 d4 14. e5 dxc3 15.
exf6 Qxf6 16. Bh4 Qg6 17. bxc3 Nf6 18. d4 Bd6 19. Bxf6 Qxf6 20. Re3 Bf4 21. Rd3
Rad8 22. Rb1 b6 23. Qe2 Qf5 24. Rbd1 Rfe8 25. g3 Bh6 26. Qe5 Qg4 27. h4 f6 28.
Qe2 e5 29. dxe5 Rxd3 30. Qxd3 fxe5 31. Qd5+ Qe6 32. Qxe6+ Rxe6 33. g4 a5 34. g5
e4 35. Nd4 Rg6 36. Kh2 Bxg5 37. hxg5 Rxg5 38. Re1 Re5 39. Kg3 g5 40. f4 gxf4+
41. Kxf4 Re8 42. Rxe4 Rxe4+ 43. Kxe4 Kg7 44. a4 Kg6 45. Nf3 h5 46. Kd5 Kf5 47.
Kc6 Kf4 48. Nh4 Kg4 49. Kxb6 Kxh4 50. c4 Kg3 51. c5 h4 52. c6 h3 53. c7 h2 54.
c8=Q h1=Q 55. Qc7+ Kf2 56. Qc2+ Kg3 57. Kxa5 Qa8+ 58. Kb4 Qb7+ 59. Ka3 Qe7+ 60.
Kb3 Qb7+ 61. Kc4 Qc7+ 62. Kd3 Qh7+ 63. Kc3 Qc7+ 64. Kb3 Qb7+ 65. Ka2 Qf7+ 66.
Qb3+ Qxb3+ 67. Kxb3 Kf4 68. Kc4 Ke5 69. Kc5 Ke6 70. Kc6 Ke7 71. Kc7 Ke6 72. a5
Kd5 73. a6 Kc5 74. a7 Kc4 75. a8=Q Kd4 76. Qa5 Ke4 77. Kd6 Kf4 78. Qd5 Kg4 79.
Qe5 Kh4 80. Qf5 Kg3 81. Qe4 Kh3 82. Qf4 Kg2 83. Qe3 Kh2 84. Qf3 Kg1 85. Qe2 Kh1
86. Ke5 Kg1 87. Kf4 Kh1 88. Kg3 Kg1 89. Qg2# {DelageKenael est échec et mat} 1-0

[Event "Tournament 14471 - Europe Echecs"]
[Site "Europe Echecs"]
[Date "2020.07.09"]
[Round "8"]
[Time "17:51:49"]
[PlyCount "51"]
[White "GerardKelian"]
[Black "MendozaMael"]
[WhiteElo "1056"]
[BlackElo "1451"]
[Mode "WEB"]
[Result "0-1"]

1. d4 Nf6 2. c4 e6 3. Nc3 Bb4 4. a3 Bxc3+ 5. bxc3 c5 6. Nf3 O-O 7. e3 d5 8. Bd3
cxd4 9. cxd4 Nc6 10. Bc2 dxc4 11. e4 b5 12. e5 Nd5 13. Bxh7+ Kh8 14. Be4 Nc3 15.
Qc2 Nxe4 16. Qxe4 Bb7 17. Be3 f5 18. Qb1 Qa5+ 19. Bd2 c3 20. O-O cxd2 21. Qd1
Qd8 22. h4 Ne7 23. Ng5 g6 24. h5 Qd5 25. hxg6 Qxg2# {GerardKelian est échec et mat} 0-1

[Event "Tournament 14471 - Europe Echecs"]
[Site "Europe Echecs"]
[Date "2020.07.09"]
[Round "8"]
[Time "17:51:49"]
[PlyCount "64"]
[White "KurenkovAndrey"]
[Black "MaisonhauteLel"]
[WhiteElo "1322"]
[BlackElo "1603"]
[Mode "WEB"]
[Result "1-0"]

1. e4 e5 2. Nf3 Nc6 3. d4 exd4 4. Nxd4 Bb4+ 5. Nc3 Nf6 6. Nxc6 bxc6 7. Bd3 d5 8.
O-O Bxc3 9. bxc3 dxe4 10. Re1 O-O 11. Bc4 Bf5 12. Be3 Qe7 13. Bg5 h6 14. Bh4 Qe5
15. Qd2 Rfd8 16. Bxf6 Qxf6 17. Qe3 Rd6 18. Rab1 Rad8 19. Rb7 Rd2 20. Bb3 Rd1 21.
h3 R8d2 22. Rxc7 Qd6 23. Rxf7 Kh7 24. Kf1 Qh2 25. Rxg7+ Kxg7 26. Qxa7+ Kf6 27.
Qf7+ Kg5 28. Qg7+ Bg6 29. h4+ Kh5 30. g4+ Kxh4 31. Qxh6+ Bh5 32. Qxh5# {MaisonhauteLel est échec et mat} 1-0

[Event "Tournament 14471 - Europe Echecs"]
[Site "Europe Echecs"]
[Date "2020.07.09"]
[Round "8"]
[Time "17:51:49"]
[PlyCount "50"]
[White "KienLancelot"]
[Black "ComtePanicautJ"]
[WhiteElo "1528"]
[BlackElo "1265"]
[Mode "WEB"]
[Result "1-0"]

1. e4 e5 2. Nf3 Nc6 3. Bc4 Be7 4. c3 Nf6 5. d3 O-O 6. h3 d6 7. Nbd2 Be6 8. Bb3
d5 9. Qe2 Qd6 10. O-O Rad8 11. Re1 dxe4 12. dxe4 Bxb3 13. Nxb3 Nh5 14. Kh1 Nf4
15. Bxf4 exf4 16. Rad1 Qg6 17. Rxd8 Rxd8 18. Nfd4 Nxd4 19. Nxd4 c5 20. Nf5 Bg5
21. Rd1 Rxd1+ 22. Qxd1 Qe6 23. Qg4 Bh6 24. Nxh6+ Qxh6 25. Qc8# {ComtePanicautJ est échec et mat} 1-0

[Event "Tournament 14471 - Europe Echecs"]
[Site "Europe Echecs"]
[Date "2020.07.09"]
[Round "8"]
[Time "17:51:49"]
[PlyCount "169"]
[White "BaderAntoine"]
[Black "CombaudonCypri"]
[WhiteElo "1330"]
[BlackElo "1437"]
[Mode "WEB"]
[Result "0-1"]

1. e4 e6 2. d4 d5 3. Nc3 dxe4 4. Nxe4 Nd7 5. Nf3 Ngf6 6. Nxf6+ Nxf6 7. Bg5 Be7
8. Bc4 h6 9. Bh4 O-O 10. O-O c5 11. dxc5 Bxc5 12. Qxd8 Rxd8 13. Bxf6 gxf6 14.
Rad1 Bd7 15. a3 Bc6 16. Nd2 Kh8 17. Nb3 Bb6 18. Rd2 Rxd2 19. Nxd2 Rg8 20. g3 f5
21. Re1 f4 22. Kf1 fxg3 23. hxg3 Rg6 24. Bd3 Rf6 25. Re2 Ba5 26. b4 Bb6 27. Be4
Bc7 28. Bxc6 bxc6 29. Kg2 a5 30. c3 axb4 31. cxb4 Bb6 32. Ne4 Rg6 33. a4 f5 34.
Nd6 f4 35. Nc4 Bc7 36. Ne5 Bxe5 37. Rxe5 fxg3 38. fxg3 Kg7 39. Rc5 Rg4 40. Rxc6
Rxb4 41. a5 Ra4 42. a6 Kf6 43. Kf3 Kf5 44. Rb6 h5 45. Rb5+ e5 46. Rb6 Ra3+ 47.
Kf2 Kg4 48. Rb4+ Kf5 49. Rb6 e4 50. Rb5+ Kg4 51. Rb4 Ra2+ 52. Ke3 Kxg3 53. Kxe4
Rxa6 54. Rb1 h4 55. Ke3 Re6+ 56. Kd4 h3 57. Kd5 Rh6 58. Rb3+ Kg2 59. Rb2+ Kf3
60. Rb3+ Kg4 61. Rb4+ Kf5 62. Rb1 h2 63. Rh1 Kg4 64. Ke5 Kg3 65. Kf5 Kg2 66.
Rxh2+ Kxh2 67. Kg5 Re6 68. Kf5 Rb6 69. Ke5 Rb4 70. Kd5 Rh4 71. Ke5 Kg3 72. Kf5
Rg4 73. Ke5 Kf3 74. Kf5 Ra4 75. Ke5 Rh4 76. Kd5 Ke3 77. Kc5 Kd3 78. Kd5 Rh5+ 79.
Ke6 Kd4 80. Kf6 Ke4 81. Kg6 Ra5 82. Kf6 Rb5 83. Ke6 Rb6+ 84. Kd7 Kd5 {BaderAntoine a abandonné} 0-1

[Event "Tournament 14471 - Europe Echecs"]
[Site "Europe Echecs"]
[Date "2020.07.09"]
[Round "8"]
[Time "17:51:49"]
[PlyCount "123"]
[White "BourdelClement"]
[Black "PiquardYarosla"]
[WhiteElo "1308"]
[BlackElo "1415"]
[Mode "WEB"]
[Result "0-1"]

1. e4 c6 2. d4 d5 3. e5 Bf5 4. Bd3 Bxd3 5. Qxd3 e6 6. Nf3 Ne7 7. O-O Nd7 8. Bg5
c5 9. c3 a6 10. Nbd2 h6 11. Bh4 g5 12. Bg3 Nf5 13. Qc2 h5 14. h3 g4 15. Nh4 Nxh4
16. Bxh4 Qxh4 17. Qd3 gxh3 18. Qxh3 Qxh3 19. gxh3 Rg8+ 20. Kh2 Bh6 21. Nf3 Nf8
22. Rg1 Bf4+ 23. Kh1 Rxg1+ 24. Rxg1 O-O-O 25. Rg7 cxd4 26. cxd4 Rd7 27. Rg8 Bh6
28. Rh8 Bg7 29. Rg8 f6 30. exf6 Bh6 31. Rh8 Rh7 32. Rg8 Kc7 33. Ne5 Nd7 34. Re8
Nxe5 35. dxe5 Kd7 36. Kg2 Bf4 37. Rg8 Bxe5 38. Rg7+ Rxg7+ 39. fxg7 Bxg7 40. Kf3
Bxb2 41. Kf4 Bf6 42. Ke3 e5 43. f4 e4 44. a4 b5 45. axb5 axb5 46. Kd2 d4 47. Kc2
d3+ 48. Kd2 Bd4 49. Ke1 e3 50. f5 b4 51. f6 Ke6 52. f7 Kxf7 53. h4 Ke6 54. Kd1
Ke5 55. Kc1 Kd5 56. Kd1 Kc4 57. Kc1 Kc3 58. Kb1 b3 59. Kc1 e2 60. Kb1 d2 61. Ka1
Kc2# {BourdelClement est échec et mat} 0-1

[Event "Tournament 14471 - Europe Echecs"]
[Site "Europe Echecs"]
[Date "2020.07.09"]
[Round "8"]
[Time "17:51:49"]
[PlyCount "33"]
[White "DupuisEsteban"]
[Black "ToussaintFlore"]
[WhiteElo "1234"]
[BlackElo "1391"]
[Mode "WEB"]
[Result "1-0"]

1. e4 e5 2. Nf3 Nc6 3. Bc4 Nf6 4. Ng5 Bc5 5. Nxf7 Bxf2+ 6. Kxf2 Nxe4+ 7. Kg1 Qh4
8. Qf3 Nd4 9. Qf1 Rf8 10. d3 Ng5 11. Bxg5 Nxc2 12. Bxh4 Nxa1 13. Qe2 b5 14. Bxb5
Rxf7 15. Qxe5+ Kf8 16. Bc4 Nc2 {ToussaintFlore a abandonné} 1-0

[Event "Tournament 14471 - Europe Echecs"]
[Site "Europe Echecs"]
[Date "2020.07.09"]
[Round "8"]
[Time "17:51:49"]
[PlyCount "64"]
[White "MohamedKeziah"]
[Black "BelghoulMeyer"]
[WhiteElo "1139"]
[BlackElo "1371"]
[Mode "WEB"]
[Result "1-0"]

1. d4 Nf6 2. e3 c5 3. c3 cxd4 4. exd4 d5 5. f4 Nc6 6. Nf3 e6 7. Bd3 Bd6 8. Ne5
O-O 9. O-O Nd7 10. Nd2 f6 11. Nxc6 bxc6 12. c4 e5 13. fxe5 fxe5 14. dxe5 Bxe5
15. Qh5 Bd4+ 16. Kh1 Rxf1+ 17. Nxf1 Nf6 18. Qf3 Bg4 19. Qf4 dxc4 20. Bxc4+ Kh8
21. Be3 Bxb2 22. Rb1 Rb8 23. Bb3 Ba3 24. Bxa7 Bd6 25. Qe3 Rb7 26. Bd4 Re7 27.
Qc3 Ne4 28. Qxc6 Bxh2 29. Kxh2 Rc7 30. Qxe4 Qh4+ 31. Kg1 Re7 32. Qa8+ {BelghoulMeyer a abandonné} 1-0

[Event "Tournament 14471 - Europe Echecs"]
[Site "Europe Echecs"]
[Date "2020.07.09"]
[Round "8"]
[Time "17:51:49"]
[PlyCount "152"]
[White "OumerWalid"]
[Black "PommereulMathi"]
[WhiteElo "1365"]
[BlackElo "1264"]
[Mode "WEB"]
[Result "1-0"]

1. d4 d5 2. c4 c6 3. Nc3 Nf6 4. Nf3 e6 5. Bf4 Bb4 6. Qc2 b6 7. e3 Ne4 8. a3 Nxc3
9. bxc3 Be7 10. Bd3 Ba6 11. cxd5 Bxd3 12. Qxd3 Qxd5 13. c4 Qa5+ 14. Qd2 Qa6 15.
Qc3 Nd7 16. O-O Nf6 17. Ne5 Ne4 18. Qc2 Bxa3 19. Qa2 Nf6 20. Qxa3 Qxa3 21. Rxa3
O-O 22. Nxc6 Ne4 23. f3 Nd2 24. Rd1 Nxc4 25. Rc3 Nb2 26. Rd2 Na4 27. Ra3 b5 28.
Bd6 Rfe8 29. Ne5 Rac8 30. Raa2 a5 31. Rac2 Nc3 32. Bc5 b4 33. Nc4 Nd5 34. e4 b3
35. Rb2 Nf4 36. Nd6 a4 37. Nxe8 Rxe8 38. g3 Nh3+ 39. Kg2 Ng5 40. h4 Nxe4 41.
fxe4 Rc8 42. e5 f6 43. exf6 gxf6 44. Re2 Kf7 45. Kf3 Rb8 46. Ba3 Rd8 47. Ke4 f5+
48. Ke5 Rd5+ 49. Kf4 Rxd4+ 50. Kf3 Kf6 51. Rbd2 Rc4 52. Bb2+ Ke7 53. Ba3+ Kf6
54. Rd7 Rc3+ 55. Kf2 e5 56. Bb2 Rc5 57. Rd6+ Kg7 58. Bxe5+ Kf7 59. Bb2 Rc4 60.
Rd7+ Kg6 61. Re6+ Kh5 62. Rxh7+ Kg4 63. Rg6+ Kh3 64. Re7 f4 65. gxf4 Rxf4+ 66.
Ke2 Rc4 67. Re3+ Kxh4 68. Rh6+ Kg4 69. Kd3 Rc8 70. Rg6+ Kf4 71. Be5+ Kf5 72.
Rf6+ Kg5 73. Rg3+ Kh5 74. Rf1 Rd8+ 75. Ke4 Kh4 76. Rh1# {PommereulMathi est échec et mat} 1-0

[Event "Tournament 14471 - Europe Echecs"]
[Site "Europe Echecs"]
[Date "2020.07.09"]
[Round "8"]
[Time "17:51:49"]
[PlyCount "98"]
[White "LhostisLucie"]
[Black "RoumeguereGabi"]
[WhiteElo "1265"]
[BlackElo "1365"]
[Mode "WEB"]
[Result "1/2-1/2"]

1. e4 c5 2. Nc3 Nc6 3. g3 d6 4. Bg2 Nf6 5. d3 g6 6. f4 Bg7 7. Nge2 b6 8. O-O Bb7
9. Be3 O-O 10. h3 Rb8 11. Qd2 e6 12. Rae1 d5 13. Nb1 dxe4 14. dxe4 Qxd2 15. Nxd2
Rbd8 16. Nc4 Ne7 17. e5 Nfd5 18. Bf2 Nc8 19. Rd1 Ba6 20. b3 Nb4 21. c3 Nd5 22.
Rfe1 Nce7 23. Rd2 Nf5 24. Red1 Nfe7 25. Nd6 Nc8 26. Nxc8 Rxc8 27. c4 Nb4 28. Rd7
Nxa2 29. Rxa7 Nb4 30. Bb7 Bxb7 31. Rxb7 Rcd8 32. Rxd8 Rxd8 33. Rxb6 Nd3 34. Be3
Ra8 35. Kg2 Ra2 36. Kf3 Ne1+ 37. Kf2 Nd3+ 38. Kf3 Ne1+ 39. Kf2 Nd3+ 40. Kf1 Ra1+
41. Kg2 Ra2 42. Rb8+ Bf8 43. Kf1 Ra1+ 44. Kg2 Ra2 45. Kf3 Ne1+ 46. Kf2 Nd3+ 47.
Kf3 Ne1+ 48. Kf2 Nd3+ 49. Kf3 {Nulle par répétition} 1/2-1/2

[Event "Tournament 14471 - Europe Echecs"]
[Site "Europe Echecs"]
[Date "2020.07.09"]
[Round "8"]
[Time "17:51:49"]
[PlyCount "48"]
[White "MeyssirelTom"]
[Black "CaullychurnEth"]
[WhiteElo "1333"]
[BlackElo "1125"]
[Mode "WEB"]
[Result "1-0"]

1. c4 e5 2. Nc3 Bb4 3. a3 Bxc3 4. bxc3 d6 5. d4 exd4 6. cxd4 Nf6 7. Nf3 Be6 8.
e3 O-O 9. Be2 Re8 10. O-O d5 11. cxd5 Nxd5 12. Bb2 Nc6 13. Bd3 h6 14. e4 Nf4 15.
d5 Nxd3 16. Qxd3 Bg4 17. Qc3 f6 18. dxc6 Bf5 19. exf5 bxc6 20. Rad1 Qe7 21. Qxc6
Rab8 22. Rfe1 Qf7 23. Rxe8+ Rxe8 24. h3 {CaullychurnEth a abandonné} 1-0

[Event "Tournament 14471 - Europe Echecs"]
[Site "Europe Echecs"]
[Date "2020.07.09"]
[Round "8"]
[Time "17:51:49"]
[PlyCount "74"]
[White "BerezovskyFior"]
[Black "NegreMaxime"]
[WhiteElo "1646"]
[BlackElo "1105"]
[Mode "WEB"]
[Result "1-0"]

1. e4 e5 2. Nf3 Nc6 3. Bc4 Bc5 4. c3 Nf6 5. d3 d6 6. O-O h6 7. a4 O-O 8. b4 Nxb4
9. cxb4 Bxb4 10. Bd2 Bc5 11. Nc3 Bg4 12. h3 Bh5 13. Rb1 Rb8 14. Nd5 Nxd5 15.
Bxd5 c6 16. Bc4 d5 17. Ba2 Kh8 18. g4 Bg6 19. exd5 cxd5 20. Nxe5 Re8 21. Nxg6+
fxg6 22. Qb3 Re5 23. Bf4 Qh4 24. Bxe5 Re8 25. d4 Bb6 26. Qg3 Qxg3+ 27. Bxg3 Bxd4
28. Bxd5 b6 29. Rbd1 Bc5 30. Bf7 Rf8 31. Bxg6 Rf3 32. Rd8+ Rf8 33. Rxf8+ Bxf8
34. Rd1 Kg8 35. Rd8 a6 36. Bd6 b5 37. Rxf8# {NegreMaxime est échec et mat} 1-0

[Event "Tournament 14471 - Europe Echecs"]
[Site "Europe Echecs"]
[Date "2020.07.09"]
[Round "8"]
[Time "17:51:49"]
[PlyCount "32"]
[White "ChaumetEtienne"]
[Black "GalimovAskar"]
[WhiteElo "1639"]
[BlackElo "1278"]
[Mode "WEB"]
[Result "1-0"]

1. e4 e5 2. Nf3 Nc6 3. Bc4 Bc5 4. c3 Nf6 5. d3 d6 6. O-O Be6 7. Bb3 Qd7 8. Bc2
O-O-O 9. d4 exd4 10. cxd4 Bxd4 11. Nxd4 Bg4 12. f3 Nxd4 13. Qxd4 Be6 14. Qxa7
Qc6 15. Ba4 Qc4 16. Qa8# {GalimovAskar est échec et mat} 1-0

[Event "Tournament 14471 - Europe Echecs"]
[Site "Europe Echecs"]
[Date "2020.07.09"]
[Round "8"]
[Time "17:51:49"]
[PlyCount "36"]
[White "TaharountIlyan"]
[Black "BenoitClement"]
[WhiteElo "1547"]
[BlackElo "1254"]
[Mode "WEB"]
[Result "1-0"]

1. e4 e6 2. d3 d5 3. Nd2 Bc5 4. g3 Nc6 5. Bg2 Nge7 6. Ngf3 b6 7. O-O Ba6 8. Re1
O-O 9. Nf1 Qd7 10. d4 Rad8 11. dxc5 dxe4 12. Qxd7 Rxd7 13. N3d2 Rfd8 14. Nxe4
Rd1 15. Bf4 Ng6 16. Rexd1 Nxf4 17. Rxd8+ Nxd8 18. gxf4 {BenoitClement a abandonné} 1-0

[Event "Tournament 14471 - Europe Echecs"]
[Site "Europe Echecs"]
[Date "2020.07.09"]
[Round "8"]
[Time "17:51:49"]
[PlyCount "34"]
[White "SemenovTimour"]
[Black "CeroniArnaud"]
[WhiteElo "1227"]
[BlackElo "1471"]
[Mode "WEB"]
[Result "1-0"]

1. e4 c5 2. Nc3 d6 3. g3 Nf6 4. Bg2 g6 5. d3 Bg7 6. Nge2 a6 7. O-O Nbd7 8. f4 b5
9. e5 dxe5 10. Bxa8 exf4 11. Nxf4 Ne5 12. Be3 Bh3 13. Bg2 Bxg2 14. Nxg2 Nfg4 15.
Bxc5 Nf3+ 16. Qxf3 Nxh2 17. Qxf7+ {CeroniArnaud a perdu au temps} 1-0

[Event "Tournament 14471 - Europe Echecs"]
[Site "Europe Echecs"]
[Date "2020.07.09"]
[Round "8"]
[Time "17:51:49"]
[PlyCount "61"]
[White "BataillePaul"]
[Black "NezosiConstant"]
[WhiteElo "1198"]
[BlackElo "1458"]
[Mode "WEB"]
[Result "0-1"]

1. e4 d6 2. d4 Nf6 3. Nc3 g6 4. Nf3 Bg7 5. Bc4 O-O 6. O-O Bg4 7. h3 Bxf3 8. Qxf3
Nc6 9. d5 Ne5 10. Qe2 Nfd7 11. Bb3 Nb6 12. f4 Ned7 13. f5 Nf6 14. Bg5 Nbd7 15.
fxg6 hxg6 16. Qd2 Nc5 17. Rfe1 b5 18. a3 a5 19. Nxb5 Ncxe4 20. Qf4 Nxg5 21. Qxg5
a4 22. Bc4 Qb8 23. Rxe7 Qb6+ 24. Kh1 Nh5 25. c3 Bf6 26. Qh6 Bxe7 27. g4 Ng3+ 28.
Kg2 Ne4 29. Re1 Qf2+ 30. Kh1 Ng3# {BataillePaul est échec et mat} 0-1

[Event "Tournament 14471 - Europe Echecs"]
[Site "Europe Echecs"]
[Date "2020.07.09"]
[Round "8"]
[Time "17:51:49"]
[PlyCount "117"]
[White "SurninZoya"]
[Black "PoussetRaphael"]
[WhiteElo "1192"]
[BlackElo "1452"]
[Mode "WEB"]
[Result "0-1"]

1. e4 d6 2. Nf3 Nf6 3. Nc3 g6 4. d4 Bg7 5. Be3 c6 6. h3 Nbd7 7. Bd3 O-O 8. O-O
e5 9. Re1 Qe7 10. Bg5 h6 11. Bh4 g5 12. Bg3 Nh5 13. Bh2 exd4 14. Ne2 c5 15. c3
dxc3 16. Nxc3 Ne5 17. Nxe5 dxe5 18. Nd5 Qd6 19. Ne3 Be6 20. g4 Nf4 21. Bxf4 exf4
22. Nf5 Bxf5 23. exf5 Bxb2 24. Rb1 Bc3 25. Re4 b6 26. Qc2 Rad8 27. Rd1 Bf6 28.
Qb3 Qc7 29. Rde1 Qd6 30. Bb5 Qd5 31. Qxd5 Rxd5 32. Re8 Rxe8 33. Rxe8+ Kg7 34.
Ra8 a5 35. Rb8 Rd6 36. Rb7 Bd4 37. Bc4 Rf6 38. a4 Kf8 39. Kg2 Ke8 40. Kf3 Kd8
41. Bxf7 Kc8 42. Re7 Rd6 43. Be6+ Kd8 44. Rh7 Bf6 45. Rxh6 Rd3+ 46. Kg2 Ke7 47.
Rg6 Ra3 48. Rh6 Rxa4 49. h4 gxh4 50. Kh3 c4 51. Rxh4 Bxh4 52. Kxh4 c3 53. g5 c2
54. g6 c1=Q 55. g7 f3+ 56. Kg3 Qg1+ 57. Kh3 Qxg7 58. Kh2 Rh4# {SurninZoya est échec et mat} 0-1

[Event "Tournament 14471 - Europe Echecs"]
[Site "Europe Echecs"]
[Date "2020.07.09"]
[Round "8"]
[Time "17:51:49"]
[PlyCount "86"]
[White "DumonteilDimit"]
[Black "BassingCassand"]
[WhiteElo "1439"]
[BlackElo "1191"]
[Mode "WEB"]
[Result "1-0"]

1. e4 e5 2. Nf3 Nc6 3. Bb5 a6 4. Ba4 d6 5. O-O Bg4 6. h3 h5 7. d3 Qe7 8. Be3 Qf6
9. Bg5 Bxf3 10. Qd2 Qg6 11. gxf3 f6 12. h4 fxg5 13. hxg5 Be7 14. f4 exf4 15.
Qxf4 Bxg5 16. Qg3 h4 17. Qg4 Nf6 18. Qg2 h3 19. Qg3 h2+ 20. Kh1 Qh5 21. Bxc6+
bxc6 22. e5 Nd5 23. exd6 Bf4 24. Re1+ Kd8 25. Qg2 cxd6 26. c4 Ne7 27. Nc3 Kd7
28. Qe4 Be5 29. d4 d5 30. cxd5 cxd5 31. Nxd5 Raf8 32. Re3 Rxf2 33. Nxe7 Kxe7 34.
Qb7+ Kf6 35. dxe5+ Kg5 36. Qxg7+ Kf4 37. Qg3+ Kf5 38. Qxf2+ Ke6 39. Qf6+ Kd5 40.
Qd6+ Kc4 41. Rc1+ Kb5 42. Qc5+ Ka4 43. b3# {BassingCassand est échec et mat} 1-0

[Event "Tournament 14471 - Europe Echecs"]
[Site "Europe Echecs"]
[Date "2020.07.09"]
[Round "8"]
[Time "17:51:49"]
[PlyCount "70"]
[White "KouamMaelis"]
[Black "YaghiLeen"]
[WhiteElo "1182"]
[BlackElo "1438"]
[Mode "WEB"]
[Result "1-0"]

1. c4 e6 2. d4 d5 3. Nc3 c6 4. e4 dxe4 5. Nxe4 Bb4+ 6. Bd2 Qxd4 7. Bxb4 Qxe4+ 8.
Ne2 Na6 9. Bc3 Qg6 10. Qd6 Nf6 11. O-O-O Bd7 12. Nf4 Qg5 13. Bxf6 Qxf6 14. Qxd7+
Kf8 15. Nd3 Rb8 16. Qd6+ Qe7 17. Qd4 Rd8 18. Qxa7 f6 19. f4 Kf7 20. Be2 Ra8 21.
Qe3 Rhe8 22. Kb1 Kg8 23. Rhe1 Nc7 24. Qb6 Reb8 25. a3 Ra6 26. Qc5 Qf7 27. Qd6
Rba8 28. Nc5 Rb6 29. Nd7 Rb3 30. Qxc7 Qg6+ 31. Kc1 Qe4 32. Bd3 Qxg2 33. Nxf6+
gxf6 34. Rg1 Kf8 35. Rxg2 {YaghiLeen a perdu au temps} 1-0

[Event "Tournament 14471 - Europe Echecs"]
[Site "Europe Echecs"]
[Date "2020.07.09"]
[Round "8"]
[Time "17:51:49"]
[PlyCount "93"]
[White "DoucetPierreAl"]
[Black "PernotMael"]
[WhiteElo "1177"]
[BlackElo "1407"]
[Mode "WEB"]
[Result "0-1"]

1. e4 c5 2. Nf3 Nc6 3. d4 cxd4 4. Nxd4 e6 5. c4 Bc5 6. Nxc6 bxc6 7. Nc3 Qb6 8.
Qc2 Bb7 9. Bf4 Nf6 10. Bd3 d5 11. exd5 cxd5 12. cxd5 Nxd5 13. Nxd5 Bxd5 14. O-O
g6 15. Be5 O-O 16. Qd2 f6 17. Bc3 Rab8 18. Qh6 Qb7 19. Rfc1 Bxg2 20. Bxg6 Be4
21. Bxe4 Qxe4 22. Bxf6 Bxf2+ 23. Kxf2 Qg6 24. Qxg6+ hxg6 25. Kg3 Rxf6 26. b3 Rf5
27. Re1 Kf7 28. Rf1 Rb4 29. Rxf5+ exf5 30. Rc1 Rg4+ 31. Kh3 Re4 32. Rc7+ Re7 33.
Rxe7+ Kxe7 34. Kg3 Kf6 35. Kf4 g5+ 36. Kf3 Ke5 37. Ke3 g4 38. a4 f4+ 39. Ke2 Kd4
40. b4 Kc4 41. b5 Kb4 42. Kd3 Kxa4 43. Ke4 f3 44. Ke3 Kxb5 45. Kd3 a5 46. Kc3 f2 {DoucetPierreAl a abandonné} 0-1

[Event "Tournament 14471 - Europe Echecs"]
[Site "Europe Echecs"]
[Date "2020.07.09"]
[Round "8"]
[Time "17:51:49"]
[PlyCount "51"]
[White "ChadiGillesMat"]
[Black "MicheliElora"]
[WhiteElo "1156"]
[BlackElo "1394"]
[Mode "WEB"]
[Result "0-1"]

1. e4 c5 2. Nf3 e6 3. b3 Nc6 4. Bb2 d6 5. d3 e5 6. Be2 f5 7. O-O Nf6 8. exf5
Bxf5 9. Nfd2 Be7 10. h3 O-O 11. Bg4 Nxg4 12. hxg4 Be6 13. Ne4 Qd7 14. f3 Rf7 15.
Bc1 Raf8 16. Ng5 Bxg5 17. Bxg5 Bxg4 18. Nd2 Bh5 19. g4 Bg6 20. Ne4 Bxe4 21. dxe4
Nd4 22. c3 Nxf3+ 23. Rxf3 Rxf3 24. Qe2 Qxg4+ 25. Qg2 Rg3 {ChadiGillesMat a abandonné} 0-1

[Event "Tournament 14471 - Europe Echecs"]
[Site "Europe Echecs"]
[Date "2020.07.09"]
[Round "8"]
[Time "17:51:49"]
[PlyCount "138"]
[White "LhubertPierre"]
[Black "SwietlikNicola"]
[WhiteElo "1390"]
[BlackElo "1065"]
[Mode "WEB"]
[Result "1-0"]

1. e4 e5 2. Nf3 Nc6 3. Bc4 Bc5 4. Nc3 Nf6 5. d3 d6 6. Bg5 Bg4 7. Nd5 Nd4 8. c3
Nxf3+ 9. gxf3 Bh3 10. Qd2 h6 11. Bh4 g5 12. Bg3 Nxd5 13. Bxd5 c6 14. Bc4 Qd7 15.
O-O-O O-O-O 16. d4 exd4 17. cxd4 Bb6 18. Rhe1 Be6 19. Bf1 Bxa2 20. f4 Bb3 21. h4
Bxd1 22. Qxd1 gxf4 23. Bxf4 d5 24. Re3 dxe4 25. Bh3 Qxh3 26. Rxh3 Rxd4 27. Qb3
Rhd8 28. Rh1 f5 29. Qe6+ R8d7 30. Qxf5 Rc4+ 31. Kb1 Bxf2 32. Bxh6 b5 33. Qg6
Bxh4 34. Qe8+ Rd8 35. Qe6+ Kc7 36. Bf4+ Kb6 37. Qg4 Bf2 38. Qe2 Bc5 39. Rc1
Rxc1+ 40. Kxc1 Rd4 41. Be3 Rc4+ 42. Kb1 Bxe3 43. Qxe3+ Ka5 44. Qa3+ Kb6 45. Qd6
e3 46. Qd3 e2 47. Qxe2 Kb7 48. Qe7+ Kb6 49. Qe3+ Kb7 50. Qg5 Kb6 51. Qe5 Kb7 52.
Qf4 Kb6 53. Qb8+ Ka6 54. Qc7 Rc5 55. Qc8+ Kb6 56. Qb8+ Ka6 57. Qf4 Kb6 58. Qb4
Rc4 59. Qd2 Kb7 60. Qd6 Kb6 61. Ka2 Ra4+ 62. Kb3 Rc4 63. Qd8+ Kb7 64. Qd7+ Kb8
65. Qf7 Ka8 66. Qc7 a6 67. Qb6 c5 68. Qxa6+ Kb8 69. Qxb5+ {SwietlikNicola a perdu au temps} 1-0

[Event "Tournament 14471 - Europe Echecs"]
[Site "Europe Echecs"]
[Date "2020.07.09"]
[Round "8"]
[Time "17:51:49"]
[PlyCount "48"]
[White "CourjalJuliett"]
[Black "PommereulEmma"]
[WhiteElo "1388"]
[BlackElo "1161"]
[Mode "WEB"]
[Result "1-0"]

1. e4 e5 2. Nf3 Nc6 3. d4 exd4 4. c3 dxc3 5. Nxc3 Bc5 6. Bc4 d6 7. Qb3 Qe7 8.
Ng5 Be6 9. Nxe6 fxe6 10. Qxb7 Bxf2+ 11. Kxf2 Qf6+ 12. Ke1 Nd4 13. Qxa8+ Kf7 14.
Rf1 Nc2+ 15. Kd1 Ne3+ 16. Bxe3 Ne7 17. Rxf6+ Kxf6 18. Qxh8 d5 19. exd5 exd5 20.
Bd4+ Ke6 21. Bxd5+ Nxd5 22. Qg8+ Kd6 23. Qxd5+ Ke7 24. Kc2 {PommereulEmma a abandonné} 1-0

[Event "Tournament 14471 - Europe Echecs"]
[Site "Europe Echecs"]
[Date "2020.07.09"]
[Round "8"]
[Time "17:51:49"]
[PlyCount "127"]
[White "FadilNoah"]
[Black "PenarrubiaMaxi"]
[WhiteElo "1113"]
[BlackElo "1380"]
[Mode "WEB"]
[Result "1/2-1/2"]

1. e4 e6 2. d4 d5 3. c3 c5 4. Bd3 c4 5. Bc2 dxe4 6. Bxe4 Nf6 7. Bf3 Nc6 8. Be2
e5 9. Nf3 exd4 10. cxd4 Bb4+ 11. Bd2 Bxd2+ 12. Qxd2 O-O 13. Bxc4 Qa5 14. Qxa5
Nxa5 15. Bd3 Re8+ 16. Be2 Bg4 17. Nc3 Bxf3 18. gxf3 Nc4 19. b3 Nd6 20. Kf1 Rac8
21. Rc1 Nd5 22. Ke1 Nxc3 23. Kd2 Nxe2 24. Rxc8 Nxc8 25. Re1 Nd6 26. Rxe2 Rxe2+
27. Kxe2 Nb5 28. Ke3 f6 29. Ke4 Kf7 30. d5 Ke7 31. Kd3 Kd6 32. Kc4 Nc7 33. b4
Nxd5 34. b5 a6 35. bxa6 bxa6 36. a4 Nf4 37. Kb4 g5 38. Ka5 Kc7 39. Kxa6 Kb8 40.
Kb5 f5 41. Kc5 Kc7 42. Kd4 Kd6 43. a5 Ne2+ 44. Ke3 Nc3 45. f4 gxf4+ 46. Kxf4 Ke6
47. a6 Nb5 48. h4 Kf6 49. f3 h5 50. Kg3 Ke5 51. f4+ Ke4 52. Kh3 Kxf4 53. Kg2 Kg4
54. Kf2 Kxh4 55. Kf3 Kh3 56. Kf2 f4 57. Kg1 f3 58. Kf1 Kg3 59. Ke1 h4 60. Kf1 h3
61. Kg1 h2+ 62. Kh1 Kh3 63. a7 Nxa7 {Nulle par pat} 1/2-1/2

[Event "Tournament 14471 - Europe Echecs"]
[Site "Europe Echecs"]
[Date "2020.07.09"]
[Round "8"]
[Time "17:51:49"]
[PlyCount "109"]
[White "BoucaudViallar"]
[Black "Cadilhacseffin"]
[WhiteElo "1329"]
[BlackElo "1045"]
[Mode "WEB"]
[Result "0-1"]

1. e4 e5 2. Nf3 Nc6 3. Bc4 Nf6 4. d3 Bc5 5. Nc3 h6 6. Be3 Bxe3 7. fxe3 O-O 8.
Qe2 d6 9. O-O-O Be6 10. h3 Bxc4 11. dxc4 Re8 12. g4 Qe7 13. g5 hxg5 14. Nxg5 Nh7
15. Nf3 Qf6 16. Qg2 g6 17. h4 Ne7 18. h5 c6 19. hxg6 Nxg6 20. Qh3 Qg7 21. Ng5
Nxg5 22. Qh5 Ne6 23. Rdg1 Rad8 24. Ne2 Kf8 25. Ng3 d5 26. Nf5 Qf6 27. Qh6+ Kg8
28. Qh7+ Kf8 29. Nh6 Qg7 30. Nf5 Qxh7 31. Rxh7 dxe4 32. Rf1 Ng5 33. Rh5 Nf3 34.
Rh6 Rd7 35. Ng3 Kg7 36. Nf5+ Kf6 37. Ng3 Kg7 38. Rh5 Rh8 39. Rhh1 Rxh1 40. Rxh1
Ng5 41. Nf5+ Kf6 42. Nh6 Rd8 43. Ng4+ Kg7 44. b3 f5 45. Nf2 Rh8 46. Rg1 Rh5 47.
Kd2 Nf3+ 48. Kc3 Nxg1 49. a4 Rh2 50. Nd1 f4 51. exf4 exf4 52. Kd4 Rd2+ 53. Kxe4
Rxd1 54. a5 Re1+ {BoucaudViallar a perdu au temps} 0-1